[Event "Labour Day op"]
[Site "Victoria CAN"]
[Date "2004.09.05"]
[Round "4.1"]
[White "Jiang, Louie"]
[Black "Scoones, Dan"]
[Result "0-1"]
[WhiteElo "1709"]
[BlackElo "2291"]
[PlyCount "106"]
[GameId "2160767911069551"]
[EventDate "2004.09.04"]
[EventType "swiss"]
[EventRounds "6"]
[EventCountry "CAN"]

1. e4 d6 2. d4 Nf6 3. Nc3 g6 4. Be3 c6 5. Be2 Bg7 6. Nf3 O-O 7. O-O Qc7 8. h3 Nbd7 9. Re1 b5 10. a3 a6 11. Bf4 e5 12. dxe5 dxe5 13. Be3 Re8 14. Nd2 Bb7 15. f3 Rad8 16. Bf1 Nf8 17. Qe2 Ne6 18. Nb3 Nd4 19. Qf2 c5 20. Rad1 Rd7 21. Rd2 Bf8 22. Red1 Red8 23. Kh1 Be7 24. Nb1 Bxe4 25. fxe4 Nxe4 26. Qe1 Nxd2 27. Rxd2 Nf5 28. Qf2 Nxe3 29. Qxe3 c4 30. Rxd7 Rxd7 31. N3d2 Bc5 32. Qe1 f5 33. b3 cxb3 34. cxb3 e4 35. a4 bxa4 36. bxa4 Bb4 37. Qf2 Qc2 38. Bc4+ Kf8 39. Qb6 Bd6 40. Qg1 Bf4 41. Bb3 Qb2 42. Qc5+ Kg7 43. Qc4 Bxd2 44. Qg8+ Kh6 45. Qf8+ Kg5 46. h4+ Kxh4 47. Nxd2 Qxd2 48. Qf6+ Kg3 49. Qe5+ Qf4 50. Qc3+ Rd3 51. Qe1+ Qf2 52. Qxf2+ Kxf2 53. Bc4 Kg3 0-1

[Event "Labour Day op"]
[Site "Victoria CAN"]
[Date "2004.09.05"]
[Round "4.3"]
[White "Wright, Stephen"]
[Black "Leblanc, Paul"]
[Result "1-0"]
[WhiteElo "2127"]
[BlackElo "1884"]
[PlyCount "51"]
[GameId "2160767911069552"]
[EventDate "2004.09.04"]
[EventType "swiss"]
[EventRounds "6"]
[EventCountry "CAN"]

1. g3 c6 2. Bg2 d5 3. c4 Nf6 4. Nf3 Bf5 5. cxd5 cxd5 6. Qb3 Qc7 7. Nc3 e6 8. d3 Nc6 9. O-O Be7 10. Bf4 Qd7 11. Rfe1 Bg4 12. Ne5 Nxe5 13. Bxe5 O-O 14. e4 dxe4 15. dxe4 Rfd8 16. h3 Bh5 17. Bf1 b6 18. Bb5 Qb7 19. Qa4 Rd2 20. Bc6 Qc8 21. g4 Bg6 22. Rad1 Rxb2 23. Nd5 exd5 24. Bxb2 Bxe4 25. Bxf6 Bxf6 26. Rxd5 1-0

[Event "Labour Day op"]
[Site "Victoria CAN"]
[Date "2004.09.05"]
[Round "4.5"]
[White "Pitre, Hanniegn"]
[Black "Raymer, Evan"]
[Result "1-0"]
[WhiteElo "1935"]
[BlackElo "1623"]
[PlyCount "65"]
[GameId "2160767911069553"]
[EventDate "2004.09.04"]
[EventType "swiss"]
[EventRounds "6"]
[EventCountry "CAN"]

1. e4 c5 2. b4 cxb4 3. Bb2 Nc6 4. d4 e6 5. d5 exd5 6. exd5 Nce7 7. d6 Nf5 8. Qe2+ Nge7 9. dxe7 Bxe7 10. g4 O-O 11. Nd2 Re8 12. O-O-O Nd6 13. Qf3 Qa5 14. Kb1 b6 15. Nb3 Qa4 16. Bd3 Bb7 17. Qh3 h6 18. Nf3 Ne4 19. g5 Nc3+ 20. Bxc3 bxc3 21. gxh6 g6 22. h7+ Kg7 23. Ne5 Bxh1 24. Rxh1 d5 25. Nxf7 Kxf7 26. Rg1 g5 27. Qf5+ Bf6 28. Qg6+ Ke7 29. Re1+ Kd7 30. Qf7+ Be7 31. Qxd5+ Kc7 32. h8=Q Rxh8 33. Rxe7+ 1-0

[Event "Labour Day op"]
[Site "Victoria CAN"]
[Date "2004.09.05"]
[Round "4.6"]
[White "Hill, Roderick"]
[Black "Aquino, Manfrei"]
[Result "1/2-1/2"]
[WhiteElo "1918"]
[BlackElo "1888"]
[PlyCount "41"]
[GameId "2160767911069554"]
[EventDate "2004.09.04"]
[EventType "swiss"]
[EventRounds "6"]
[EventCountry "CAN"]

1. e4 e5 2. Nc3 Nf6 3. Bc4 Nc6 4. d3 Be7 5. Nge2 Na5 6. O-O Nxc4 7. dxc4 d6 8. Qd3 c6 9. f4 Qb6+ 10. Kh1 Ng4 11. Nd1 Be6 12. f5 Bd7 13. Be3 Nxe3 14. Qxe3 Qxe3 15. Nxe3 O-O-O 16. Nc3 Rhe8 17. Rad1 Kc7 18. Rf3 Bg5 19. g3 h5 20. h4 Be7 21. Kg2 1/2-1/2

[Event "Labour Day op"]
[Site "Victoria CAN"]
[Date "2004.09.05"]
[Round "4.8"]
[White "Fletcher, Christopher"]
[Black "Hunt, Lorne"]
[Result "1-0"]
[WhiteElo "1588"]
[BlackElo "1621"]
[PlyCount "94"]
[GameId "2160767911069555"]
[EventDate "2004.09.04"]
[EventType "swiss"]
[EventRounds "6"]
[EventCountry "CAN"]

1. d4 Nf6 2. c4 g6 3. Nc3 Bg7 4. Nf3 O-O 5. e4 d6 6. Be2 Bg4 7. Be3 Bxf3 8. Bxf3 e5 9. d5 h6 10. Qd2 Kh7 11. O-O-O Nbd7 12. g4 Rh8 13. g5 hxg5 14. Bxg5 Kg8 15. h4 Nf8 16. h5 gxh5 17. Rxh5 Rxh5 18. Bxh5 Qd7 19. Bxf6 Bxf6 20. Rg1+ Bg7 21. Qg5 Ng6 22. Bxg6 fxg6 23. Qxg6 a6 24. Ne2 Rf8 25. Qg3 Rf7 26. f4 exf4 27. Nxf4 Kf8 28. Ne6+ Kg8 29. Nxg7 Rxg7 30. Qxg7+ Qxg7 31. Rxg7+ Kxg7 32. Kd2 Kf6 33. Ke3 Ke5 34. b4 c6 35. dxc6 bxc6 36. a4 d5 37. exd5 cxd5 38. b5 axb5 39. cxb5 d4+ 40. Kd3 Kd5 41. a5 Kc5 42. b6 Kc6 43. Kxd4 Kb7 44. Kd5 Kb8 45. Kc6 Ka8 46. b7+ Kb8 47. a6 Ka7 1-0

[Event "Labour Day op"]
[Site "Victoria CAN"]
[Date "2004.09.06"]
[Round "5.1"]
[White "Scoones, Dan"]
[Black "Martinovsky, Ian"]
[Result "1/2-1/2"]
[WhiteElo "2291"]
[BlackElo "2207"]
[PlyCount "38"]
[GameId "2160767911069556"]
[EventDate "2004.09.04"]
[EventType "swiss"]
[EventRounds "6"]
[EventCountry "CAN"]

1. Nf3 Nf6 2. c4 d6 3. d4 g6 4. Nc3 Bg7 5. e4 O-O 6. h3 Na6 7. Bg5 c5 8. d5 h6 9. Be3 Kh7 10. Bd3 e5 11. g4 Ng8 12. Qd2 Nb4 13. Bb1 Rb8 14. a3 Na6 15. Ne2 Bd7 16. Bd3 Nc7 17. h4 a6 18. a4 b6 19. h5 g5 1/2-1/2

[Event "Labour Day op"]
[Site "Victoria CAN"]
[Date "2004.09.06"]
[Round "5.2"]
[White "Pitre, Hanniegn"]
[Black "Wright, Stephen"]
[Result "0-1"]
[WhiteElo "1935"]
[BlackElo "2127"]
[PlyCount "98"]
[GameId "2160767911069557"]
[EventDate "2004.09.04"]
[EventType "swiss"]
[EventRounds "6"]
[EventCountry "CAN"]

1. e4 Nf6 2. Nc3 d5 3. e5 Ne4 4. d3 Nxc3 5. bxc3 c5 6. f4 Nc6 7. Nf3 Bg4 8. Be2 e6 9. O-O Be7 10. Bd2 Qc7 11. Rb1 O-O 12. h3 Bh5 13. g4 Bg6 14. Qe1 f6 15. Qg3 fxe5 16. Nxe5 Nxe5 17. fxe5 c4 18. h4 cxd3 19. cxd3 Rxf1+ 20. Bxf1 Bc5+ 21. Be3 Be7 22. h5 Be8 23. d4 b6 24. Bd2 Qd8 25. Bd3 Bg5 26. Be1 Rc8 27. Bc2 Rc7 28. Qd3 g6 29. Qh3 gxh5 30. gxh5 Rg7 31. Kh1 Qe7 32. Bf2 Qf7 33. Bg1 Qxh5 34. Qxh5 Bxh5 35. Rf1 Bd2 36. Rf6 Bxc3 37. Be3 Bg6 38. Bh6 Bxc2 39. Bxg7 Be4+ 40. Kh2 Kxg7 41. Rxe6 Kf7 42. Rf6+ Ke7 43. Kg3 Bxd4 44. Kf4 Bb2 45. Rd6 Bc1+ 46. Kg3 Be3 47. Rc6 d4 48. Rc7+ Ke6 49. Rxa7 d3 0-1

[Event "Labour Day op"]
[Site "Victoria CAN"]
[Date "2004.09.06"]
[Round "5.6"]
[White "Verma, Tony"]
[Black "Hill, Roderick"]
[Result "0-1"]
[WhiteElo "1802"]
[BlackElo "1918"]
[PlyCount "60"]
[GameId "2160767911069558"]
[EventDate "2004.09.04"]
[EventType "swiss"]
[EventRounds "6"]
[EventCountry "CAN"]

1. e4 Nc6 2. Nc3 e5 3. Nf3 Bc5 4. Bc4 d6 5. O-O Bg4 6. h3 Bh5 7. Be2 Bg6 8. d3 h6 9. Na4 Nge7 10. Nxc5 dxc5 11. c3 c4 12. Qc2 cxd3 13. Bxd3 O-O 14. Be3 Nc8 15. Bc5 Re8 16. Bb5 Qf6 17. Rfd1 Nb6 18. Bxb6 axb6 19. Rd7 Re7 20. Rxe7 Qxe7 21. a4 Rd8 22. Nd2 Qg5 23. Nc4 Qf4 24. f3 f5 25. exf5 Bxf5 26. Qb3 Be6 27. Qa2 Na5 28. b3 Nxc4 29. Bxc4 Bxc4 30. bxc4 Rd2 0-1

[Event "Labour Day op"]
[Site "Victoria CAN"]
[Date "2004.09.06"]
[Round "5.7"]
[White "Aquino, Manfrei"]
[Black "Fletcher, Christopher"]
[Result "1-0"]
[WhiteElo "1886"]
[BlackElo "1588"]
[PlyCount "47"]
[GameId "2160767911069559"]
[EventDate "2004.09.04"]
[EventType "swiss"]
[EventRounds "6"]
[EventCountry "CAN"]

1. d4 Nf6 2. c4 e6 3. Nf3 b6 4. a3 Ba6 5. Qc2 Bb7 6. Nc3 c5 7. dxc5 Bxc5 8. b4 Be7 9. Bb2 d6 10. e4 Nbd7 11. Rd1 Qb8 12. Bd3 O-O 13. O-O Ng4 14. Qe2 Nde5 15. Nxe5 Nxe5 16. f4 Nc6 17. Nb5 e5 18. Nc3 Nd4 19. Qg4 Qc8 20. f5 Qd8 21. Nd5 Bxd5 22. exd5 Bh4 23. Bc1 f6 24. Qxh4 1-0

[Event "Labour Day op"]
[Site "Victoria CAN"]
[Date "2004.09.06"]
[Round "6.1"]
[White "Wright, Stephen"]
[Black "Scoones, Dan"]
[Result "0-1"]
[WhiteElo "2127"]
[BlackElo "2291"]
[PlyCount "56"]
[GameId "2160767911069560"]
[EventDate "2004.09.04"]
[EventType "swiss"]
[EventRounds "6"]
[EventCountry "CAN"]

1. c4 Nf6 2. g3 g6 3. Bg2 Bg7 4. Nc3 O-O 5. e4 d6 6. Nge2 e5 7. O-O Nbd7 8. d3 c6 9. Rb1 a5 10. h3 Ne8 11. Be3 Qe7 12. Qd2 Nc5 13. d4 Na6 14. Na4 exd4 15. Nxd4 Nc5 16. Nxc5 dxc5 17. Ne2 f5 18. Nc3 Nd6 19. Bxc5 Nxc4 20. Bxe7 Nxd2 21. Bxf8 Kxf8 22. exf5 Nxb1 23. Rxb1 Bxf5 24. Rd1 a4 25. Ne4 Bxb2 26. Nc5 a3 27. g4 Bc2 28. Rd7 Bb1 0-1

[Event "Labour Day op"]
[Site "Victoria CAN"]
[Date "2004.09.06"]
[Round "6.4"]
[White "Lister, Curtis"]
[Black "Aquino, Manfrei"]
[Result "0-1"]
[WhiteElo "1968"]
[BlackElo "1886"]
[PlyCount "80"]
[GameId "2160767911069561"]
[EventDate "2004.09.04"]
[EventType "swiss"]
[EventRounds "6"]
[EventCountry "CAN"]

1. e4 e5 2. Nf3 Nc6 3. Bc4 Bc5 4. c3 Nf6 5. d4 exd4 6. e5 d5 7. exf6 dxc4 8. Qe2+ Be6 9. fxg7 Rg8 10. cxd4 Nxd4 11. Nxd4 Bxd4 12. O-O Rxg7 13. Rd1 Qd5 14. g3 O-O-O 15. Nc3 Qc6 16. Qe4 Qxe4 17. Nxe4 Bg4 18. Re1 f5 19. Ng5 f4 20. Bxf4 Bxb2 21. Rab1 c3 22. Ne4 Bf5 23. Be5 Bxe4 24. Bxg7 Bxb1 25. f4 Bxa2 26. Kg2 Bd5+ 27. Kh3 b5 28. f5 a5 29. Re7 Rd7 30. Re8+ Kb7 31. Be5 a4 32. g4 a3 33. Kh4 a2 34. Kg5 Bc1+ 35. Kh4 a1=Q 36. Bg3 c2 37. Be5 Bg5+ 38. Kxg5 c1=Q+ 39. Kh5 Bf7+ 40. Kh4 Qh6+ 0-1

[Event "Labour Day op"]
[Site "Victoria CAN"]
[Date "2004.09.06"]
[Round "6.7"]
[White "Raymer, Evan"]
[Black "Jiang, Louie"]
[Result "0-1"]
[WhiteElo "1623"]
[BlackElo "1709"]
[PlyCount "64"]
[GameId "2160767911069562"]
[EventDate "2004.09.04"]
[EventType "swiss"]
[EventRounds "6"]
[EventCountry "CAN"]

1. e4 c5 2. Nc3 d6 3. g3 Nf6 4. Bg2 g6 5. d3 Bg7 6. Nge2 O-O 7. f4 Nc6 8. O-O Rb8 9. h3 Bd7 10. g4 b5 11. Ng3 a5 12. f5 b4 13. Nce2 a4 14. g5 Ne8 15. Rb1 Nc7 16. h4 Na5 17. b3 axb3 18. axb3 Nb5 19. h5 Na3 20. Bxa3 bxa3 21. h6 Bh8 22. c3 Qb6 23. Kh1 Nxb3 24. Nc1 Ba4 25. Qe1 Qa5 26. f6 exf6 27. gxf6 Nxc1 28. Qxc1 Rxb1 29. Qxb1 Qxc3 30. Qb6 a2 31. Qxd6 a1=Q 32. Nf5 Bxf6 0-1

[Event "Labour Day op"]
[Site "Victoria CAN"]
[Date "2004.09.06"]
[Round "6.8"]
[White "Fletcher, Christopher"]
[Black "Raymer, Elliot"]
[Result "1-0"]
[WhiteElo "1588"]
[BlackElo "1531"]
[PlyCount "89"]
[GameId "2160767911069563"]
[EventDate "2004.09.04"]
[EventType "swiss"]
[EventRounds "6"]
[EventCountry "CAN"]

1. d4 Nf6 2. c4 c5 3. d5 b5 4. cxb5 a6 5. e3 axb5 6. Bxb5 Qa5+ 7. Nc3 Ne4 8. Nge2 g6 9. O-O Nxc3 10. Nxc3 Bg7 11. a4 Bxc3 12. bxc3 Qxc3 13. Ra2 O-O 14. Rc2 Qb4 15. Bd2 Qh4 16. Rxc5 d6 17. Rc4 Qf6 18. Bc3 Qg5 19. Qd4 f6 20. h4 Qh5 21. Rc7 Na6 22. Rxe7 Nc5 23. Re8 Qf5 24. Rxf8+ Kxf8 25. Qxf6+ Qxf6 26. Bxf6 Nxa4 27. Ra1 Nb6 28. Rxa8 Nxa8 29. Bd8 Bb7 30. e4 Kf7 31. Kh2 h5 32. Kg3 Kf8 33. Kf4 Kf7 34. g4 hxg4 35. Kxg4 Bc8+ 36. Kg5 Bb7 37. h5 gxh5 38. Kxh5 Kf8 39. Kg6 Kg8 40. f4 Kf8 41. f5 Kg8 42. f6 Kf8 43. Be7+ Kg8 44. f7+ Kh8 45. f8=Q# 1-0

[Event "Labour Day op"]
[Site "Victoria CAN"]
[Date "2004.09.06"]
[Round "6.9"]
[White "Jones, Cliff"]
[Black "Verma, Tony"]
[Result "1-0"]
[WhiteElo "1680"]
[BlackElo "1802"]
[PlyCount "41"]
[GameId "2160767911069564"]
[EventDate "2004.09.04"]
[EventType "swiss"]
[EventRounds "6"]
[EventCountry "CAN"]

1. e4 e5 2. Nf3 d6 3. c3 f5 4. d3 Nf6 5. Nbd2 Be7 6. Be2 fxe4 7. dxe4 h6 8. Bc4 Nc6 9. Qc2 Bg4 10. a4 Qd7 11. b4 Be6 12. O-O Bxc4 13. Nxc4 O-O 14. Re1 a6 15. Ne3 Rac8 16. Qa2+ Kh8 17. Nf5 Bd8 18. b5 axb5 19. axb5 Ne7 20. N3h4 Nxf5 21. Ng6+ 1-0

[Event "Labour Day op U2000"]
[Site "Toronto CAN"]
[Date "2004.09.04"]
[Round "1"]
[White "Veltmann, Martin"]
[Black "McDonald, Justin"]
[Result "1-0"]
[WhiteElo "1977"]
[BlackElo "1841"]
[PlyCount "83"]
[GameId "2160767911069565"]
[EventDate "2004.09.04"]
[EventType "swiss"]
[EventRounds "5"]
[EventCountry "CAN"]

1. c4 e5 2. Nc3 Nc6 3. Nf3 Nf6 4. g3 Bc5 5. Bg2 O-O 6. O-O d6 7. d3 h6 8. Nd2 Be6 9. a3 a5 10. Nde4 Nxe4 11. Nxe4 Bb6 12. Nc3 f5 13. Nd5 Bc5 14. Be3 g5 15. Bxc5 dxc5 16. e3 Rb8 17. f4 exf4 18. gxf4 Ne7 19. fxg5 Nxd5 20. cxd5 Bxd5 21. Bxd5+ Qxd5 22. Qh5 Qe6 23. Rf3 Rf7 24. Raf1 hxg5 25. Rh3 Qe5 26. Rg3 Rg7 27. Rff3 Qf6 28. h4 gxh4 29. Rxg7+ Qxg7+ 30. Kf1 Rf8 31. Qxh4 Qh7 32. Qc4+ Rf7 33. Kg2 Qh5 34. Rg3+ Kf8 35. Qxc5+ Re7 36. Kf2 Qh2+ 37. Rg2 Qh4+ 38. Ke2 Qh5+ 39. Kd2 Ke8 40. Qd5 Rd7 41. Rg8+ Ke7 42. Rg7+ 1-0

[Event "Labour Day op U2000"]
[Site "Toronto CAN"]
[Date "2004.09.04"]
[Round "2"]
[White "Solis, Jaime"]
[Black "Veltmann, Martin"]
[Result "1/2-1/2"]
[WhiteElo "1820"]
[BlackElo "1977"]
[PlyCount "80"]
[GameId "2160767911069566"]
[EventDate "2004.09.04"]
[EventType "swiss"]
[EventRounds "5"]
[EventCountry "CAN"]

1. e4 c5 2. Nf3 d6 3. d4 cxd4 4. Nxd4 Nf6 5. Nc3 a6 6. Bd3 g6 7. O-O Bg7 8. Nde2 O-O 9. h3 b5 10. a3 Bb7 11. Be3 Nc6 12. f3 Rc8 13. Qd2 Ne5 14. Bh6 d5 15. Bxg7 Kxg7 16. Qe3 dxe4 17. fxe4 Nc4 18. Bxc4 Rxc4 19. Rad1 Qa8 20. e5 Ne4 21. b3 Nxc3 22. bxc4 Nxd1 23. Rxd1 bxc4 24. Nf4 Rd8 25. Rf1 Be4 26. Rf2 Qb7 27. Kh2 Bf5 28. Nh5+ Kh8 29. Qh6 Rg8 30. g4 Be6 31. Nf4 Qe4 32. Qg5 Qd4 33. Re2 Qd7 34. Kg3 Rb8 35. Rd2 Qa7 36. Nxe6 fxe6 37. Rf2 Qd4 38. Qxe7 Qxe5+ 39. Kg2 Qe4+ 40. Kh2 Qe5+ 1/2-1/2

[Event "Labour Day op U2000"]
[Site "Toronto CAN"]
[Date "2004.09.05"]
[Round "3"]
[White "Veltmann, Martin"]
[Black "Ferreira, Alex"]
[Result "1-0"]
[WhiteElo "1977"]
[BlackElo "1796"]
[PlyCount "57"]
[GameId "2160767911069567"]
[EventDate "2004.09.04"]
[EventType "swiss"]
[EventRounds "5"]
[EventCountry "CAN"]

1. c4 c5 2. Nc3 e6 3. Nf3 d5 4. cxd5 exd5 5. d4 c4 6. g3 Nc6 7. Bg2 Nf6 8. O-O Bf5 9. Bg5 Be7 10. b3 Qa5 11. Rc1 Ba3 12. Bxf6 gxf6 13. Nh4 Bxc1 14. Qxc1 Be6 15. bxc4 Nxd4 16. Kh1 dxc4 17. Bxb7 Rb8 18. Bg2 f5 19. e3 Nb5 20. Bc6+ Bd7 21. Bxb5 Bxb5 22. Nxf5 Bc6+ 23. e4 Rd8 24. Qg5 Qc7 25. Ng7+ Kf8 26. Qf6 Kg8 27. Nh5 Kf8 28. Qxh8+ Ke7 29. Qf6+ 1-0

[Event "Labour Day op U2000"]
[Site "Toronto CAN"]
[Date "2004.09.05"]
[Round "4"]
[White "Cliff, Scott"]
[Black "Veltmann, Martin"]
[Result "1/2-1/2"]
[WhiteElo "1715"]
[BlackElo "1977"]
[PlyCount "98"]
[GameId "2160767911069568"]
[EventDate "2004.09.04"]
[EventType "swiss"]
[EventRounds "5"]
[EventCountry "CAN"]

1. d4 Nf6 2. c4 g6 3. Nc3 Bg7 4. e4 O-O 5. Bd3 d6 6. Nge2 Nbd7 7. O-O e5 8. d5 Nc5 9. Bc2 a5 10. a3 Bd7 11. Rb1 a4 12. Be3 Qe8 13. f3 Nh5 14. g4 Nf6 15. Nc1 Kh8 16. Nd3 Nxd3 17. Qxd3 Ng8 18. Nb5 Bxb5 19. cxb5 Ra5 20. Qc3 Ra8 21. Qb4 f5 22. Bxa4 Bh6 23. Bxh6 Nxh6 24. h3 Qe7 25. Bc2 Qh4 26. exf5 Qg3+ 27. Kh1 Qxh3+ 28. Kg1 Qg3+ 29. Kh1 gxf5 30. Qd2 Qh3+ 31. Qh2 Qxh2+ 32. Kxh2 fxg4 33. fxg4 Nxg4+ 34. Kh3 Ne3 35. Rxf8+ Rxf8 36. Be4 Rf4 37. Bh1 Rd4 38. Rc1 Nxd5 39. Bxd5 Rxd5 40. a4 Rd3+ 41. Kg4 Rd4+ 42. Kf5 Rxa4 43. Rxc7 Rf4+ 44. Ke6 h5 45. Kxd6 e4 46. Rxb7 h4 47. Ke5 Rf2 48. Kxe4 h3 49. Rc7 Rxb2 1/2-1/2

[Event "Labour Day op U2000"]
[Site "Toronto CAN"]
[Date "2004.09.06"]
[Round "5"]
[White "Veltmann, Martin"]
[Black "Gusev, Nikita"]
[Result "0-1"]
[WhiteElo "1977"]
[BlackElo "1679"]
[PlyCount "98"]
[GameId "2160767911069569"]
[EventDate "2004.09.04"]
[EventType "swiss"]
[EventRounds "5"]
[EventCountry "CAN"]

1. c4 Nf6 2. Nc3 e6 3. Nf3 b6 4. e4 Bb7 5. Bd3 d6 6. O-O Be7 7. Bc2 c5 8. d4 cxd4 9. Nxd4 O-O 10. Be3 Nc6 11. f4 Rc8 12. b3 Nd7 13. f5 e5 14. Nf3 Nb4 15. Rc1 Nxc2 16. Rxc2 Nc5 17. Bxc5 bxc5 18. Qe1 Bg5 19. h4 Bh6 20. g4 Bf4 21. g5 h6 22. Rg2 Kh8 23. Nd5 Bxd5 24. cxd5 Rb8 25. Nd2 hxg5 26. Qe2 Qf6 27. hxg5 Bxg5 28. Qh5+ Bh6 29. Nc4 Rb5 30. Ne3 Kh7 31. Ng4 Qg5 32. Qh3 Rb7 33. Kh1 Rh8 34. Nxe5 Qxg2+ 35. Kxg2 dxe5 36. Qc3 Re8 37. Qxc5 Bf4 38. Rh1+ Kg8 39. Qc6 Rbb8 40. Rd1 Rec8 41. Qa6 Rc2+ 42. Kf1 Be3 43. f6 Rb6 44. Qd3 Rxf6+ 45. Ke1 Bf2+ 46. Kf1 Bd4+ 47. Ke1 Bf2+ 48. Kf1 Bd4+ 49. Ke1 Bc3+ 0-1

[Event "Laval XXI"]
[Site "Laval CAN"]
[Date "2004.04.16"]
[Round "1"]
[White "Bolduc, Steve"]
[Black "Robichaud, Louis"]
[Result "1-0"]
[WhiteElo "2323"]
[BlackElo "2049"]
[PlyCount "81"]
[GameId "2160767911166684"]
[EventDate "2004.04.16"]
[EventType "swiss"]
[EventRounds "5"]
[EventCountry "CAN"]
[SourceTitle "EXT 2005"]
[Source "ChessBase"]
[SourceDate "2004.11.15"]
[SourceVersion "1"]
[SourceVersionDate "2004.11.15"]
[SourceQuality "1"]

1. d4 Nf6 2. c4 g6 3. Nc3 Bg7 4. e4 d6 5. Nf3 O-O 6. Be2 e5 7. d5 Nbd7 8. Be3 a5 9. Nd2 Ne8 10. O-O f5 11. f3 f4 12. Bf2 g5 13. a3 Rf7 14. b4 Bf8 15. Na4 Rg7 16. c5 h5 17. Nc4 g4 18. fxg4 Ndf6 19. cxd6 Bxd6 20. Nc5 Bxc5 21. bxc5 Nxg4 22. Bf3 Ra6 23. Qe1 Nxf2 24. Qxf2 Qe7 25. Kh1 Rag6 26. Nxa5 Nf6 27. d6 cxd6 28. cxd6 Qxd6 29. Rfd1 Qe7 30. Qd2 Bg4 31. Qd8+ Kh7 32. Qxe7 Rxe7 33. Rab1 Rgg7 34. Rd6 Ne8 35. Rdb6 Bxf3 36. gxf3 Nc7 37. Rxb7 Rd7 38. Rc1 Ne6 39. Rxd7 Rxd7 40. Rc3 Rd2 41. Nc4 1-0

[Event "Laval XXI"]
[Site "Laval CAN"]
[Date "2004.04.16"]
[Round "1"]
[White "Luksza, Arkadiusz"]
[Black "Ramaswamy, Kishor"]
[Result "1-0"]
[WhiteElo "2223"]
[BlackElo "2019"]
[PlyCount "75"]
[GameId "2160767911166686"]
[EventDate "2004.04.16"]
[EventType "swiss"]
[EventRounds "5"]
[EventCountry "CAN"]
[SourceTitle "EXT 2005"]
[Source "ChessBase"]
[SourceDate "2004.11.15"]
[SourceVersion "1"]
[SourceVersionDate "2004.11.15"]
[SourceQuality "1"]

1. Nf3 d5 2. d4 Nf6 3. c4 e6 4. Nc3 Nbd7 5. cxd5 exd5 6. Bg5 c6 7. e3 Be7 8. Bd3 Nh5 9. Bxe7 Qxe7 10. O-O g6 11. Qd2 Ng7 12. e4 dxe4 13. Nxe4 Nb6 14. Rfe1 O-O 15. Ng3 Qc7 16. b4 Ne6 17. Rad1 Nf4 18. Ne5 Nxd3 19. Qxd3 Be6 20. h4 Bxa2 21. h5 Bd5 22. Nf5 Nd7 23. Ne7+ Kg7 24. h6+ Kh8 25. Nxd5 cxd5 26. Qf3 f6 27. Ng4 Qd6 28. Re2 Rae8 29. Rde1 Rxe2 30. Rxe2 Kg8 31. g3 Kf7 32. Ne5+ Kg8 33. Nd3 Kf7 34. Nf4 Re8 35. Rxe8 Kxe8 36. Nxg6 hxg6 37. h7 Qf8 38. Qxd5 1-0

[Event "Laval XXI"]
[Site "Laval CAN"]
[Date "2004.04.16"]
[Round "1"]
[White "St Amand, Paul Jr"]
[Black "Lawson, Eric"]
[Result "0-1"]
[WhiteElo "2054"]
[BlackElo "2356"]
[PlyCount "88"]
[GameId "2160767911166687"]
[EventDate "2004.04.16"]
[EventType "swiss"]
[EventRounds "5"]
[EventCountry "CAN"]
[SourceTitle "EXT 2005"]
[Source "ChessBase"]
[SourceDate "2004.11.15"]
[SourceVersion "1"]
[SourceVersionDate "2004.11.15"]
[SourceQuality "1"]

1. e4 g6 2. d4 Bg7 3. Nc3 e6 4. Nf3 a6 5. a4 b6 6. Bd3 Bb7 7. O-O Ne7 8. Re1 O-O 9. Bg5 h6 10. Be3 d6 11. Qd2 Kh7 12. Rad1 Nd7 13. Qe2 c5 14. Bc4 Qc7 15. d5 exd5 16. exd5 Rfe8 17. Qd3 Nf6 18. h3 Bc8 19. Bf4 Bf5 20. Qd2 Bd7 21. Re2 Bxa4 22. Nxa4 b5 23. Nxc5 Qxc5 24. Bb3 Nc8 25. Rxe8 Nxe8 26. Be3 Qc7 27. Bd4 Nb6 28. Bxb6 Qxb6 29. c3 Nf6 30. Re1 a5 31. Qd4 Qc7 32. Qd3 a4 33. Ba2 Qb7 34. Nd4 b4 35. Nb5 b3 36. Bb1 Qxd5 37. Qxd5 Nxd5 38. Be4 Ra5 39. Bxd5 Rxb5 40. Bxf7 d5 41. Re6 Bxc3 42. Bxg6+ Kg7 43. bxc3 a3 44. Bb1 a2 0-1

[Event "Laval XXI"]
[Site "Laval CAN"]
[Date "2004.04.17"]
[Round "2"]
[White "Cholette, Mario"]
[Black "Arseneault, Marc"]
[Result "0-1"]
[WhiteElo "1355"]
[BlackElo "1433"]
[PlyCount "60"]
[GameId "2160767911166688"]
[EventDate "2004.04.16"]
[EventType "swiss"]
[EventRounds "5"]
[EventCountry "CAN"]
[SourceTitle "EXT 2005"]
[Source "ChessBase"]
[SourceDate "2004.11.15"]
[SourceVersion "1"]
[SourceVersionDate "2004.11.15"]
[SourceQuality "1"]

1. e4 c5 2. Nf3 Nc6 3. d4 cxd4 4. Nxd4 g6 5. Nc3 Bg7 6. Be3 d6 7. Qd2 Nf6 8. f3 a6 9. Bc4 Bd7 10. O-O-O Rc8 11. Bb3 Na5 12. h4 Nxb3+ 13. Nxb3 h5 14. Qf2 Be6 15. e5 Nh7 16. Bb6 Qd7 17. Nc5 Qc6 18. Nxe6 fxe6 19. exd6 exd6 20. Rd3 d5 21. g4 Nf8 22. Re1 Kf7 23. g5 Nd7 24. Be3 Ne5 25. Rd4 Nc4 26. Rf4+ Kg8 27. Rd1 Nxb2 28. Kxb2 Qxc3+ 29. Kc1 Qb2+ 30. Kd2 Rxc2+ 0-1

[Event "Laval XXI"]
[Site "Laval CAN"]
[Date "2004.04.17"]
[Round "2"]
[White "Lawson, Eric"]
[Black "Auger, Bertrand"]
[Result "1-0"]
[WhiteElo "2356"]
[BlackElo "2010"]
[PlyCount "69"]
[GameId "2160767911166689"]
[EventDate "2004.04.16"]
[EventType "swiss"]
[EventRounds "5"]
[EventCountry "CAN"]
[SourceTitle "EXT 2005"]
[Source "ChessBase"]
[SourceDate "2004.11.15"]
[SourceVersion "1"]
[SourceVersionDate "2004.11.15"]
[SourceQuality "1"]

1. d4 e6 2. e4 d5 3. Nd2 dxe4 4. Nxe4 Bd7 5. Nf3 Bc6 6. Bd3 Nd7 7. O-O Ngf6 8. Ng3 Be7 9. b3 O-O 10. c4 Bxf3 11. Qxf3 c6 12. Bb2 Qa5 13. a3 Rfe8 14. Rfe1 Rad8 15. Bc2 Bf8 16. Ne4 Nxe4 17. Rxe4 Nf6 18. Re5 Qc7 19. Rg5 h6 20. Rg3 Bd6 21. Rh3 Qe7 22. b4 e5 23. Re1 e4 24. Qc3 Qd7 25. Rhe3 Qf5 26. h3 Re7 27. Bb1 Rde8 28. Qc2 Qf4 29. g3 Qf5 30. Kg2 h5 31. Qd1 g6 32. d5 Be5 33. Bxe4 Nxe4 34. Rxe4 cxd5 35. Qxd5 1-0

[Event "Laval XXI"]
[Site "Laval CAN"]
[Date "2004.04.17"]
[Round "2"]
[White "Sauve, Richard"]
[Black "Bolduc, Steve"]
[Result "1/2-1/2"]
[WhiteElo "1946"]
[BlackElo "2323"]
[PlyCount "99"]
[GameId "2160767911166692"]
[EventDate "2004.04.16"]
[EventType "swiss"]
[EventRounds "5"]
[EventCountry "CAN"]
[SourceTitle "EXT 2005"]
[Source "ChessBase"]
[SourceDate "2004.11.15"]
[SourceVersion "1"]
[SourceVersionDate "2004.11.15"]
[SourceQuality "1"]

1. d4 f5 2. g3 Nf6 3. Bg2 g6 4. Nf3 Bg7 5. b3 O-O 6. Bb2 d6 7. Nbd2 Qe8 8. Nc4 b5 9. Ne3 Bb7 10. d5 Na6 11. Nd4 Nc5 12. O-O a5 13. a3 Nfe4 14. Qc1 Rb8 15. Qe1 e5 16. dxe6 Nxe6 17. Nxe6 Bxb2 18. Nxf8 Bc3 19. Qd1 Kxf8 20. Qd3 Bxa1 21. Rxa1 Qe5 22. Rd1 Nc3 23. Re1 Ne4 24. Rd1 Re8 25. Qd4 Qxd4 26. Rxd4 Nc3 27. Bf1 Bc6 28. Rd3 b4 29. axb4 axb4 30. Rd4 Re4 31. Rxe4 fxe4 32. Nc4 Bb5 33. e3 Ke7 34. Na5 c5 35. Bc4 Bxc4 36. Nxc4 Nb5 37. Nd2 d5 38. f3 Na3 39. fxe4 Kd6 40. Kf2 Nxc2 41. exd5 Kxd5 42. Ke2 Na3 43. Kd3 g5 44. g4 h6 45. h3 Ke5 46. Nc4+ Kd5 47. Nb6+ Kc6 48. Nc4 Kd5 49. Nb6+ Kc6 50. Nc4 1/2-1/2